| 000 | 00367nam a22001577a 4500 | ||
|---|---|---|---|
| 999 |
_c10516 _d10516 |
||
| 003 | OSt | ||
| 008 | 210223b ||||| |||| 00| 0 eng d | ||
| 020 | _a9789386450302 | ||
| 100 | _aROGEN, Arthur | ||
| 245 | _aStreet Smart Sales Pro | ||
| 250 | _a1st | ||
| 260 |
_aNew Delhi _bEmbassy Books _c2018 |
||
| 300 | _a200 | ||
| 650 | _aGeneral Books | ||
| 942 |
_2ddc _cBK _02 |
||